|
|
|
|
| LEADER |
00000nas a2200000 i 4500 |
| 001 |
ssj0001077853 |
| 003 |
WaSeSS |
| 005 |
20200512172242.0 |
| 006 |
m d |
| 007 |
cr n |
| 008 |
131226u20uuuuuurm a| p|s|||||| |0eng d |
| 035 |
|
|
|a (WaSeSS)ssj0001077853
|
| 040 |
|
|
|a WaSeSS
|b eng
|c WaSeSS
|d WaSeSS
|
| 043 |
|
|
|a e-rm---
|
| 050 |
1 |
4 |
|a HD2051
|
| 245 |
0 |
4 |
|a The research institute for agriculture economy and rural development
|h [electronic resource] :
|b International symposium : agrarian economy and rural development: realities and perspectives for Romania : Proceedings.
|
| 260 |
|
|
|a Bucharest, Romania :
|b Research Institute for Agriculture Economy and Rural Development
|
| 310 |
|
|
|a Annual
|
| 506 |
|
|
|a License restrictions may limit access.
|
| 588 |
|
|
|a Description based on: 2011; title from article pdf (ProQuest, viewed Dec. 19, 2013).
|
| 588 |
|
|
|a Latest issue consulted: 2012 (viewed Dec. 19, 2013).
|
| 650 |
|
0 |
|a Agriculture
|x Economic aspects
|z Romania
|v Periodicals.
|
| 655 |
|
0 |
|a Electronic journals.
|
| 776 |
0 |
8 |
|i Print version:
|t Research institute for agriculture economy and rural development : International symposium : agrarian economy and rural development: realities and perspectives for Romania : Proceedings
|x 2247-7187
|
| 856 |
4 |
0 |
|z Full text available from Research Library: 01/01/2011 to 01/31/2016
|u https://search.proquest.com/publication/1796361
|